Foreign Capital, Growth and External Adjustment

Guardado en:
Detalles Bibliográficos
Autor principal: Makin, A.J
Formato: Libro
Lenguaje:inglés
Publicado: Brisbane The University of Queensland 1996
Edición:1. ed.
Colección:Discussion Paper No. 199
Materias:
Etiquetas: Agregar Etiqueta
Sin Etiquetas, Sea el primero en etiquetar este registro!

MARC

LEADER 00000nam a2200000 4500
001 c019237
005 20221205125218.5
041 0 |a eng 
044 |a AU 
245 1 0 |a Foreign Capital, Growth and External Adjustment  |c A.J. Makin 
250 |a 1. ed. 
264 1 |a Brisbane  |b The University of Queensland  |c 1996 
300 |a 12 s. 
490 1 |a Discussion Paper  |v No. 199 
830 0 |a Discussion Paper  |v No. 199 
610 2 0 |a účty kapitálové 
610 2 0 |a kapitál zahraničný 
610 2 0 |a investície zahraničné 
610 2 0 |a rast hospodársky 
100 1 |a Makin, A.J.